Amigos de puerita (Registro nro. 7258)
[ vista simple ]
| 000 -CABECERA | |
|---|---|
| Campo de control | 00462nam a2200145 a 4500 |
| 090 ## - CLASIFICACIÓN LOCAL | |
| Colección | EA |
| Consecutivo | 00132 |
| 041 ## - IDIOMA | |
| Código de idioma para texto/pista de sonido o título separado | Español |
| 100 ## - ASIENTO PRINCIPAL--NOMBRE PERSONAL | |
| Nombre personal | Román, Celso |
| 245 ## - MENCION DE TITULO | |
| Título | Amigos de puerita |
| Parte restante del título | Humi, la hija del humedal cuento coleccionable para colorear |
| 260 ## - PUBLICACION, DISTRIBUCION, ETC. (PIE DE IMPRENTA) | |
| Lugar de publicación, distribución, etc. | Bogotá |
| Nombre del editor, distribuidor, etc. | Unilever |
| -- | Alcaldía Mayor de Bogotá D.C. |
| Fecha de publicación, distribución, etc. | 200? |
| 300 ## - DESCRIPCION FISICA | |
| Extensión | 6 p. |
| 942 ## - ELEMENTOS ADICIONALES (KOHA) | |
| Tipo de ítem | |
| 945 ## - PROCESAMIENTO LOCAL | |
| AAAA-MM-DD - Fecha de ingreso o modificacion | 2010-02-11 |
| Withdrawn status | Lost status | Sistema de Clasificación | Damaged status | No para préstamo | Colección | Ubicación Permanente | Ubicación actual | Fecha de adquisición | Total Checkouts | Número topográfico | Inventario / Código de Barras | Date last seen | Ejemplar | Price effective from | Tipo de material |
|---|---|---|---|---|---|---|---|---|---|---|---|---|---|---|---|
| Local | General | Villa de Leyva | Villa de Leyva | 11/02/2010 | EA-00132 | 027884 | 04/12/2012 | Ej. 1 | 04/12/2012 | Folleto |